Fr. Conceicao Rodrigues College of Engineering

Advanced Engineering Mathematics (Record no. 36090)

MARC details
000 -LEADER
fixed length control field 00404nam a22001697a 4500
003 - CONTROL NUMBER IDENTIFIER
control field OSt
005 - DATE AND TIME OF LATEST TRANSACTION
control field 20241024102048.0
007 - PHYSICAL DESCRIPTION FIXED FIELD--GENERAL INFORMATION
fixed length control field 1410
008 - FIXED-LENGTH DATA ELEMENTS--GENERAL INFORMATION
fixed length control field 241024b |||||||| |||| 00| 0 eng d
020 ## - INTERNATIONAL STANDARD BOOK NUMBER
International Standard Book Number 9789352837182
040 ## - CATALOGING SOURCE
Transcribing agency
082 ## - DEWEY DECIMAL CLASSIFICATION NUMBER
Edition number 22
Classification number 510
Item number DAS
245 ## - TITLE STATEMENT
Title Advanced Engineering Mathematics
Statement of responsibility, etc. Dass,H.K
250 ## - EDITION STATEMENT
Edition statement 22
260 ## - PUBLICATION, DISTRIBUTION, ETC.
Name of publisher, distributor, etc. S.Chand and Co
Date of publication, distribution, etc. 1988
942 ## - ADDED ENTRY ELEMENTS (KOHA)
Source of classification or shelving scheme Dewey Decimal Classification
Koha item type BOOK
Edition 22
Call number prefix 510
Call number suffix DAS
Suppress in OPAC No
Holdings
Withdrawn status Lost status Source of classification or shelving scheme Damaged status Not for loan Collection Home library Current library Date acquired Cost, normal purchase price Inventory number Total Checkouts Full call number Barcode Date last seen Date last checked out Price effective from Koha item type Total Renewals Date due
    Dewey Decimal Classification     Mathematics Fr. Agnel's C.Rodrigues College of Engineering AGNEL TECHNICAL COLLEGE LIBRARY 24/10/2024 950.00 AO/24/10/575 11 510/DAS 26491 08/09/2025 08/09/2025 24/10/2024 BOOK 1 18/09/2025
    Dewey Decimal Classification     Mathematics Fr. Agnel's C.Rodrigues College of Engineering AGNEL TECHNICAL COLLEGE LIBRARY 24/10/2024 950.00 AO/24/10/575 2 510/DAS 26492 20/04/2026 25/11/2025 24/10/2024 BOOK    
    Dewey Decimal Classification     Mathematics Fr. Agnel's C.Rodrigues College of Engineering Fr. Agnel's C.Rodrigues College of Engineering 24/10/2024 950.00 AO/24/10/575 4 510/DAS 26490 27/04/2026 17/04/2026 24/10/2024 BOOK